000 00626nam a2200205 i 4500
001 29551
003 ES-MaACL
005 20230906154042.0
007 t|
008 030122s1941 sp ||||1| spa d
100 1 _aBarcía Goyanes, Juan José.
_925545
245 1 4 _aLos tumores cerebrales /
_cJuan José Barcía Goyanes.
250 _a[1ª ed.].
260 _aBarcelona :
_bSalvat,
_c1941 (
_fImp. Hispano-Americana)
300 _a142 p. :
_bil. ;
_c23 cm.
490 1 _aManuales de medicina práctica
830 0 _aManuales de medicina práctica
_9181070
852 _aES-MaACL
_jE-1118
_bR.22057
999 _c29551
_d29551